000 00837nam a2200289 a 4500
001 000049073
003 DO-SdBNP
005 20250128101428.0
007 ta
008 190717s1960 dr r 000 0 spa d
040 _aDO-SdBNP
_bspa
_cBNPHU
_erda
041 _hspa
082 _axxxx
_bJ61M
_222
100 1 _aJiménez, R. Emilio
_eautor
_923963
245 1 0 _aM. J. Troncoso de la Concha :
_bantología /
_cR. Emilio Jiménez.
250 _a5a edición
264 _aSanto Domingo :
_bLibreria Dominicana,
_c1960.
300 _a182 páginas ;
_c18 cm.
336 _ardaconten
_btexto
_2txt
337 _ardamedia
_bsin mediación
_2n
338 _ardacarrier
_bvolumen
_2nc
490 1 _aPensamiento dominicano
590 _aInventariado, 2019/BT
830 0 _aPensamiento dominicano
_919047
910 _aBT
942 _2ddc
_cLBS1
999 _c48561
_d48561